| 000 | 00947nam a22002897a 4500 | ||
|---|---|---|---|
| 001 | 8552 | ||
| 003 | FISKH | ||
| 005 | 20250929142708.0 | ||
| 008 | 250929b cb ||||| |||| 00| 0 eng d | ||
| 020 | _a0440482534 | ||
| 040 |
_aFISKH _bEng _cFISKH _dFISKH |
||
| 050 | _aPZ7.B6265 S | ||
| 082 | _a813.54 | ||
| 100 |
_aBlume,Judy _d(1938-) |
||
| 245 |
_aStarring Sally J. Freedman as herself / _cBy Judy Blume |
||
| 250 | _aThis edition first published at 1977 | ||
| 260 |
_aNew York : _bA Dell Yearling Book, _c1977 |
||
| 300 |
_a298 pages : _c20cm |
||
| 505 | _aR | ||
| 520 | _aWhile spending the winter of 1947-48 in Miami Beach with her family, ten-year-old Sally makes up stories, casts herself in starring roles in movies, and encounters a sinister stranger. | ||
| 521 | 8 |
_a700
_bLexile |
|
| 521 | 8 |
_aR
_bRaz-Plus |
|
| 650 |
_2Florida _aWWII |
||
| 650 |
_2Miami Beach _aFamily |
||
| 942 |
_2ddc _cBK _n0 |
||
| 999 |
_c8552 _d8552 |
||